Statistics for FIFA World Cup 2014 Trivia (Difficult)

Click here to take the quiz!

General Stats

  • This quiz has been taken 37 times
  • The average score is 37 of 66

Answer Stats

HintAnswer% Correct
Runners-upArgentina
100%
Host CountryBrazil
100%
Fourth PlaceBrazil
100%
Team with Most Goals ConcededBrazil
100%
ChampionsGermany
100%
Team with Most Goals ScoredGermany
100%
GoalkeeperManuel Neuer
91%
GoalkeeperManuel Neuer
91%
4 Clean SheetsManuel Neuer
91%
Golden Glove AwardManuel Neuer
91%
Last/Winning Goalscorer of the TournamentMario Gotze
91%
ForwardThomas Muller
91%
5 GoalsThomas Muller
91%
ForwardThomas Muller
91%
Third PlaceNetherlands
88%
MidfielderJames Rodriguez
85%
MidfielderJames Rodriguez
85%
Golden Boot AwardJames Rodriguez
85%
6 GoalsJames Rodriguez
85%
ForwardLionel Messi
85%
4 GoalsLionel Messi
85%
Golden Ball AwardLionel Messi
85%
Winning Manager/CoachJoachim Low
79%
4 GoalsNeymar
76%
ForwardNeymar
76%
MidfielderPhilipp Lahm
76%
Final Stadium NameEstadio do Maracana
70%
Name a City that hosted a match that is not Rio de Janeiro/Sao Paulo/BrasiliaCuiaba/Manaus/Natal/Porto Alegre/Curitiba/ Recife/Salvador/Fortaleza/Belo Horizonte
64%
DefenderMats Hummels
64%
DefenderMats Hummels
64%
DefenderMarcelo
58%
First Goalscorer of the TournamentMarcelo (Own Goal)
58%
4 Clean SheetsSergio Romero
52%
MidfielderToni Kroos
52%
4 AssistsToni Kroos
52%
MidfielderToni Kroos
52%
4 GoalsRobin van Persie
45%
3 GoalsArjen Robben
42%
ForwardArjen Robben
42%
MidfielderAngel Di Maria
39%
Best Young Player AwardPaul Pogba
39%
DefenderThiago Silva
39%
DefenderThiago Silva
39%
3 GoalsAndre Schurrle
36%
3 AssistsAndre Schurrle
36%
3 Clean SheetsKeylor Navas
36%
Official Match BallBrazuca
33%
3 GoalsKarim Benzema
33%
3 AssistsKarim Benzema
33%
DefenderDavid Luiz
30%
Team with Least Goals ConcededCosta Rica
27%
3 Clean SheetsHugo Lloris
27%
4 Clean SheetsJasper Cillessen
27%
Official SongWe Are One
27%
FIFA Fair Play TrophyColombia
21%
MidfielderOscar
21%
DefenderStefan de Vrij
18%
Total Goals Scored171
9%
DefenderMarcos Rojo
9%
Coca-Cola Promotional AnthemThe World Is Ours
9%
3 GoalsXherdan Shaqiri
9%
3 GoalsEnner Valencia
6%
Official MascotFuleco
6%
4 AssistsJuan Cuadrado
6%
Oldest Goalscorer (Hint: it's an own goal)Noel Valladares
6%
Youngest GoalscorerJulian Green
3%

Score Distribution

Percentile by Number Answered

Percent of People with Each Score

Your Score History

You have not taken this quiz